40 Landmarks: The Western Midwest Quiz Stats

 Plays Quiz not verified by Sporcle

Score 0/40 Timer 10:00
0 Plays Today
% Correct
The Gateway Arch, St. Louis
66.1%
Iowa State Capitol, Des Moines
46.4%
Busch Stadium, St. Louis
46.4%
Roseman Bridge, The Bridges of Madison County, Winterset
39.3%
The Old Capitol, The University of Iowa, Iowa City
33.9%
The Old Courthouse, St. Louis
32.1%
TCF Bank Stadium, Minneapolis
32.1%
Missouri State Capitol, Jefferson City
30.4%
The Columns & Jesse Hall, The University of Missouri, Columbia
30.4%
Minnesota State Capitol, St. Paul
30.4%
The American Swedish Institute, Minneapolis
28.6%
Wells Fargo Center, Minneapolis
26.8%
The Cathedral of St. Paul, St. Paul
21.4%
Sprint Center, Kansas City
21.4%
The Walker Art Center, Minneapolis
19.6%
Kansas City Union Station, Kansas City
19.6%
Marjorie McNeely Conservatory, Como Park, St. Paul
16.1%
National Churchill Museum, Westminster College, Fulton
16.1%
Weisman Art Museum, The University of Minnesota, Minneapolis
14.3%
Missouri Governor's Mansion, Jefferson City
14.3%
% Correct
The Basilica of St. Mary, Minneapolis
14.3%
Minneapolis Armory, Minneapolis
14.3%
The National World War I Memorial, Kansas City
12.5%
The Federal Reserve Bank of Kansas City, Kansas City
12.5%
Westminster College Gymnasium, Westminster College, Fulton
12.5%
Minnesota Governor's Residence, St. Paul
10.7%
Grotto of the Redemption, West Bend
10.7%
The Temple, Independence
8.9%
Kauffman Center for the Performing Arts, Kansas City
8.9%
The Cathedral Basilica of St. Louis, St. Louis
8.9%
Minneapolis Institute of Art, Minneapolis
7.1%
Pulitzer Arts Foundation, St. Louis
5.4%
The Wainwright Building, St. Louis
5.4%
The Jewel Box, St. Louis
5.4%
McDonnell Planetarium, St. Louis Science Center, St. Louis
5.4%
Jasper County Courthouse, Carthage
3.6%
The City Hall of Kansas City, Kansas City
3.6%
The Climatron, Missouri Botanical Garden, St. Louis
3.6%
Anamosa State Penitentiary, Anamosa
1.8%
Barkley Inc., Kansas City
1.8%

You're not logged in!

Compare scores with friends on all Sporcle quizzes.
OR
Log In

Sporcle TV

Today on Sporcle TV


Watch our educational content, quiz creation guides, and fun videos on Sporcle TV.

Show Comments

Extras

Top Quizzes Today


Score Distribution

Your Account Isn't Verified!

In order to create a playlist on Sporcle, you need to verify the email address you used during registration. Go to your Sporcle Settings to finish the process.

Report this User

Report this user for behavior that violates our Community Guidelines.

Details: